书目信息 |
| 题名: |
电路理论基础及应用
|
|
| 作者: | 布达克 著 ;童宁荪 译 | |
| 分册: | ||
| 出版信息: | 北京 科学出版社 1985 |
|
| 页数: | 491页 | |
| 开本: | 26cm | |
| 丛书名: | ||
| 单 册: | ||
| 中图分类: | TM13 | |
| 科图分类: | ||
| 主题词: | 电路理论 | |
| 电子资源: | ||
| ISBN: | ||
| 000 | 00718nam0 2200253 45 | |
| 001 | 0185020247 | |
| 005 | 20060722162948.82 | |
| 010 | @dCNY7.30 | |
| 091 | @a15031.649 | |
| 100 | @a19900923d1985 em y0chiy0121 ea | |
| 101 | 1 | @achi@ceng |
| 102 | @aCN@b110000 | |
| 105 | @ay z 001yy | |
| 200 | 10 | @a电路理论基础及应用@Adian lu li lun ji chu ji ying yong@f(美)A·布达克著@F(Mei)A·Bu Da Ke Zhu@g童宁荪译 |
| 210 | @a北京@c科学出版社@d1985 | |
| 215 | @a491页@d26cm | |
| 300 | @a根据1978年英文版译出 | |
| 606 | @a电路理论 | |
| 690 | @aTM13@v3 | |
| 701 | 0 | @a布达克@4著 |
| 702 | 0 | @a童宁荪@Atong ning sun@4译 |
| 801 | 2 | @aCN@bNLC@c20060722 |
| 801 | 0 | @aCN@b深圳图书馆@c20040524 |
| 905 | @dTM13@e109@f1@b240534 | |
| 电路理论基础及应用/(美)A·布达克著/童宁荪译.-北京:科学出版社,1985 |
| 491页;26cm |
| 根据1978年英文版译出 |
| ISBN :CNY7.30 |
| ● |
| 相关链接 |
|
|
|
|
正题名:电路理论基础及应用
索取号:TM13/109
 
预约/预借
| 序号 | 登录号 | 条形码 | 馆藏地/架位号 | 状态 | 备注 |
| 1 | 0138348 | 001343086 | 密集书库/ [索取号:TM13/109] | 在馆 | |
| 2 | 0138349 | 001343111 | 密集书库/ [索取号:TM13/109] | 在馆 | |
| 3 | 0138351 | 001343264 | 密集书库/ [索取号:TM13/109] | 在馆 | |
| 4 | 0138352 | 001343308 | 密集书库/ [索取号:TM13/109] | 在馆 | |
| 5 | 0138353 | 001343120 | 第三借阅区/ [索取号:TM13/109] | 在馆 | |
| 6 | 0138355 | 001343228 | 第三借阅区/ [索取号:TM13/109] | 在馆 | |
| 7 | 0138356 | 001343077 | 密集书库/ [索取号:TM13/109] | 在馆 | |
| 8 | 0138357 | 202448583 | 第二样本阅览室/ [索取号:TM13/109] | 在馆 | |
| 9 | 0240532 | 001343166 | 密集书库/ [索取号:TM13/109] | 在馆 | |
| 10 | 0240533 | 001931654 | 密集书库/ [索取号:TM13/109] | 在馆 | |
| 11 | 0240534 | 001343157 | 密集书库/ [索取号:TM13/109] | 在馆 | |
| 12 | 0438224 | 204382248 | 密集书库/ [索取号:TM13/109] | 在馆 |